000 00679cam a2200193 i 4500
001 20655409
005 20250408070325.0
008 180904e20151117ce 010 0 tamo
020 _a9789557973005
040 _aDLC
_beng
_erda
_cDLC
_dDLC
082 _222
245 0 0 _aVil̲icaikkuyil :
_bōyvunilaip piratikkalvip paṇippāḷar kalāpūṣaṇam Tirumati. Kōkilā Makēntiran̲ avarkaḷin̲ akavai ar̲upattaintu nir̲aivu malar /
260 _aTellippalai
_bLyceum of Literary and Aesthetic Studies
_c2015
300 _avi, 176 pages ;
650 0 _aTamil literature
700 1 _aKalapooshan S. Selladurai
_eeditor.
700 1 _aRaji Gengatharan
_eeditor.
942 _cL
999 _c6017
_d6017